00343nam a2200109Ia 4500008004100000100001900041245004500060260000900105300003300114440002400147650006200171180117s9999 xx 000 0 und d aby Ryan Torres aWhy Federalism Means Improved Healthcare c2017 a22-23 pages, 2017 January 15 aPhilippine Panorama aEVERYONE FLOCKS TO MANILA FOR HEALTHCARE, QUALITY SUFFERS